Geography General Knowledge #5 - Statistics

General Stats
  • This quiz has been taken 554 times
  • The average score is 11 of 15
Answer Stats
Hint Answer % Correct
Longest river in the world Nile
94%
Largest desert in the world excluding Antarctic Sahara
93%
Any one country that was a part of Yugoslavia Correct
88%
Country completely surrounded by South Africa Lesotho
88%
Largest island country Australia
85%
Tallest mountain in Africa Kilimanjaro
85%
Largest country in Africa Algeria
84%
Largest city in Saudi Arabia Riyadh
76%
Country with the lowest population density Mongolia
72%
Deepest lake in the world Lake Baikal
61%
Country with highest population density Monaco
61%
Largest lake in the world by area Caspian Sea
57%
Smallest island country Nauru
56%
Smallest country in Africa Seychelles
49%
Largest metropolitan area in China Guangzhou
34%
No matching quizzes found
Score Distribution
Percent of People with Each Score
Percentile by Number Answered
Your Score History
You have not taken this quiz